Statystyki dla Landy Niemiec

Kliknij tutaj aby rozwiązać quiz!

Ogólne statystyki

  • Ten quiz został rozwiązany 595 razy
  • Średni wynik to 10 z 16

Odpowiedzi na mapie

Odpowiedzi skodowane kolorowo w zielono-czerwonej skali na mapie do tego quizu, zgodnie z poniższymi procentami.
 

Statystyki odpowiedzi

Landy% Poprawnych
Berlin
94%
Bawaria
90%
Hamburg
83%
Saksonia
82%
Brandenburgia
74%
Brema
70%
Saara
59%
Hesja
57%
Turyngia
55%
Dolna Saksonia
54%
Szlezwik-Holsztyn
50%
Saksonia-Anhalt
48%
Nadrenia Północna-Westfalia
41%
Meklemburgia-Pomorze Przednie
40%
Nadrenia-Palatynat
40%
Badenia-Wirtembergia
36%

Rozkład punktacji

Percentyl według liczby udzielonych odpowiedzi

Procent ludzi z każdym wynikiem

Twoja historia wyników

Nie rozwiązałeś tego quizu